QuickBooks 2010 the official guide : for QuickBooks Pro users

保存先:
書誌詳細
第一著者: Capachietti, Leslie
フォーマット: 図書
言語:English
出版事項: New York McGraw-Hill 2010
主題:
タグ: タグ追加
タグなし, このレコードへの初めてのタグを付けませんか!
Thư viện lưu trữ: Mạng thư viện Đại học Đà Nẵng
LEADER 01267nam a2200349 4500
001 000021305
003 17752
005 20150416150427.0
008 150416s2010 engsd
020 |a 9780071633383 (alk. paper)  |a 0071633383 
041 0 |a eng 
082 1 4 |a 657.9042028553|222  |b CA-L 
100 1 |a Capachietti, Leslie  |q (Martin Stuart) 
245 1 0 |a QuickBooks 2010  |b the official guide : for QuickBooks Pro users  |c Leslie Capachietti 
246 3 8 |a QuickBooks 2010  |b financial software 
260 |a New York  |b McGraw-Hill  |c 2010 
300 |a xxxii, 574 p.  |b ill.  |c 24 cm. 
500 |a Includes index. 
650 0 0 |a Small business  |x Computer programs  |x Accounting 
650 0 0 |a Small business  |x Computer programs  |x Finance 
653 |a QuickBooks 
653 |a Kế toán 
OWN |a LSP 
AVA |a UDN50  |b LSP  |d 657.9042028553|222 CA-L  |e available  |t Error 5001 Not defined in file expand_doc_bib_avail.  |f 1  |g 0  |h N  |i 0  |k 1 
999 |a From the UDN01 
AVA |a UDN50  |b LSP  |d 657.9042028553|222 CA-L  |e available  |t Error 5001 Not defined in file expand_doc_bib_avail.  |f 1  |g 0  |h N  |i 0  |k 1 
TYP |a Monograph 
TYP |a Printed language 
980 |a Mạng thư viện Đại học Đà Nẵng